000 00629cab a2200217 4500
001 ABS57460
008 090401t1997 xxu||||| |||| 00| 0 eng d
035 _a(Sirsi) u80648
041 _aeng
100 _aRevie, C
245 _aPlanning for renewables
260 _c1997
350 _a0
490 _aScottish Planner
_v(58) September 1997, 4(1)
520 _aDescribes the new guidelines Friends of the Earth (Scotland) have produced on renewable energy.
650 _aFRIENDS OF THE EARTH
650 _aRENEWABLE ENERGY
690 _aENVIRONMENTAL AND LAND CONSULTANCY-ENERGY
942 _n0
948 _c03/09/1997
999 _c50770
_d50770